Normal view
MARC view
Entry Personal Name
001 - CONTROL NUMBER
- control field: 19074
003 - CONTROL NUMBER IDENTIFIER
- control field: OSt
005 - DATE AND TIME OF LATEST TRANSACTION
- control field: 20260308201707.0
008 - FIXED-LENGTH DATA ELEMENTS
- fixed length control field: 260308|| aca||aabn | a|a d
040 ## - CATALOGING SOURCE
- Original cataloging agency: OSt
- Transcribing agency: OSt
100 ## - HEADING--PERSONAL NAME
- Personal name: Villa, John Leo Vy., adviser
670 ## - SOURCE DATA FOUND
- Source citation: Work cat.: (OSt)4835: Margallo, Lj Trixia A., author. 19071, Frying noodle house: enterprise development project /, 2024
